000 01459nam a22003977a 4500
003 CHAP
005 20220329134404.0
008 971013s1994 r 00010 d
010 _a19794
011 _a20766
035 _a24855
040 _cCHAP
090 _aTesis
100 0 0 _aGarcía Gómez, Armando.
_946083
245 _aRespuesta a la fertilización nitrogenada y potásica, y extracción de N, P y K por el maíz (Zea mays L.) en suelos del área de influencia Chapingo
260 _aChapingo, Méx. :
_bEl autor,
_c1994
300 _a129 h.
502 _aTesis (Ing. Agr. Esp. en Suelos) -- UACH. Departamento de Suelos
590 _aALEPH
_b10
_c20130110
_lUCH01
_h1243
590 _aBATCH-UPD
_b10
_c20130110
_lUCH01
_h1212
590 _aBATCH-UPD
_b10
_c20130410
_lUCH01
_h0750
590 _aBATCH-UPD
_b10
_c20130914
_lUCH01
_h1401
590 _aCONVERSION
_b10
_c20130109
_lUCH01
_h1312
650 1 4 _aFertilizantes nitrogenados.
_940596
650 1 4 _aFertilizantes potásicos.
_940644
650 1 4 _aFertilizantes
_xEfecto en maíz.
_940527
650 1 4 _aFósforo
_xEfecto en maíz.
_942243
650 1 4 _aMaíz
_xRendimiento.
_971051
650 1 4 _aPotasio
_xEfecto en maíz.
_991104
700 0 _aGarcía Nieto, Antonio.
_946372
901 _aBK
942 _cFOLL
949 _bBC
_cTES
_d-57397
_eTS1
_h27000
_i24855
_si
949 _bBC
_cTES
_d-57399
_eTS2
_fc.2
_h27001
_i24855
_si
949 _bBC
_cTES
_d33724000954749
_eTS2
_fc.3
_h27002
_i24855
_si
999 _c19794
_d19794